Southville International School and Colleges
Your cart is empty.
  • Cart
  • Lists
    Public lists Eva Luna New books Lux_list list_1
    Your lists Log in to create your own lists
  • Log in to your account
  • Your cookies
  • Search history
Southville International School and Colleges
  • Advanced search
  • Recent comments
  • Most popular
  • Libraries

Log in to your account

Log in with GOOGLE


If you do not have an external account, but do have a local account, you can still log in:

  1. Home
  2. MARC view: The EU through the eyes of asia : vol. II new cases, new findings / e
Normal view MARC view ISBD view

The EU through the eyes of asia : vol. II new cases, new findings / e (Record no. 8434)

[ view plain ]
MARC details
000 -LEADER
fixed length control field 00560nam a22001817a 4500
003 - CONTROL NUMBER IDENTIFIER
control field OSt
005 - DATE AND TIME OF LATEST TRANSACTION
control field 20140310182024.0
008 - FIXED-LENGTH DATA ELEMENTS--GENERAL INFORMATION
fixed length control field 130802t xxu||||| |||| 00| 0 eng d
020 ## - INTERNATIONAL STANDARD BOOK NUMBER
International Standard Book Number 9789814289818
050 ## - LIBRARY OF CONGRESS CALL NUMBER
Classification number DS 1
Item number .Eu86 2009
082 ## - DEWEY DECIMAL CLASSIFICATION NUMBER
Classification number TR 950
Item number E941 2009
245 ## - TITLE STATEMENT
Title The EU through the eyes of asia : vol. II new cases, new findings / e
Statement of responsibility, etc dited by Natalia Chaban, Martin Holland, Peter Ryan.
260 ## - PUBLICATION, DISTRIBUTION, ETC. (IMPRINT)
Place of publication, distribution, etc New Jersey :
Name of publisher, distributor, etc World Scintific,
Date of publication, distribution, etc 2009.
300 ## - PHYSICAL DESCRIPTION
Extent 271 p. :
Dimensions 23 cm.
650 ## - SUBJECT ADDED ENTRY--TOPICAL TERM
Topical term or geographic name as entry element Asia
9 (RLIN) 1662
942 ## - ADDED ENTRY ELEMENTS (KOHA)
Source of classification or shelving scheme Library of Congress Classification
Koha item type
Holdings
Withdrawn status Lost status Source of classification or shelving scheme Damaged status Home library Current library Shelving location Date acquired Total Checkouts Full call number Barcode Date last seen Copy number Price effective from Koha item type
    Library of Congress Classification   Luxembourg Library Luxembourg Library Teachers Reference Section 08/02/2013   DS 1 .Eu86 2009 19153 08/13/2013 1 08/02/2013 Books

The EU through the eyes of asia : vol. II new cases, new findings / e

APA

(2009). The EU through the eyes of asia : vol. II new cases, new findings / e. New Jersey: World Scintific.

Chicago

2009. The EU through the eyes of asia : vol. II new cases, new findings / e. New Jersey: World Scintific.

Harvard

(2009). The EU through the eyes of asia : vol. II new cases, new findings / e. New Jersey: World Scintific.

MLA

The EU through the eyes of asia : vol. II new cases, new findings / e. New Jersey: World Scintific. 2009.

  • Place hold
  • Print
  • Cite
  • Add to your cart (remove)
  • Save record
    BIBTEX Dublin Core MARCXML MARC (non-Unicode/MARC-8) MARC (Unicode/UTF-8) MARC (Unicode/UTF-8, Standard) MODS (XML) RIS
  • More searches
    Search for this title in:
    Other Libraries (WorldCat) Other Databases (Google Scholar) Online Stores (Bookfinder.com) Open Library (openlibrary.org)

Exporting to Dublin Core...

SOUTHVILLE LIBRARY

Southville International School and Colleges Library

1281 Tropical Ave. Cor. Luxembourg St., BF Homes International, Las Pinas City

Tel. No. 8256374 / 252358 Loc. 117/146

Powered by Koha